000 00288nam a22001337a 4500
008 170621b xxu||||| |||| 00| 0 eng d
020 _a9780791453469
041 _aeng
080 _a32
100 _a20
101 _ashp
245 _aSYSTEMS OF VIOLENCE
_cRICHANI, N
942 _2udc
_cBK
999 _c18516
_d18516